000 00591nam a2200181Ia 4500
005 20250508153442.0
008 008 250505s9999 xx 000 0 eng d
037 _aTextual
040 _aFEDL
_beng
_cFEDL
041 _aeng
_2eng
084 _a371.951, BAR
_qFEDL
100 _aBarendsen Robert D
_9764052
245 0 _aSchools in communist China : Recent experiments with self - supporting educational institutions
260 _aWashington, USA
_bU.S. Government Printing Office
_c1964
300 _av,56p
942 _cTEXL
_h371.951, BAR
999 _c1342982
_d1342982